00381cam a22000977a 4500008004000000082001600040245011000056260005000166300001000216700005700226180718b1962 xxu||||| |||| 00| 0 eng d aK32x42 Un3q aRecruitment for service overseas : future policycby Department of Technical Co-OPeration, United Kingdom aLondonbHer Majesty's Stationery Officec1962 a29+p. aUnited Kingdom. Department of Technical Co-OPeration